LEADER 01324nam a2200289 i 4500 001 000000131676 003 CaOOAMICUS 005 20210520115647.0 008 070913s1989 it u000 u ita u 013 $a104572 040 $aSeMil$bita 100 1 $aBiscottini, Paolo.$0(OLS)http://semarc/name/25234 245 13$aLa Chiesetta di San Giacomo in Gerenzano /$cPaolo Biscottini, Maria Antonietta Crippa. 264 1$aGerenzano :$b[s.n.],$c1989. 300 $a87 p. :$bill. ;$c31 cm 541 0 $aOmaggio mons. Mario Delpini (3P V 520) 650 4$aGerenzano - Chiesa di San Giacomo.$0(OLS)http://semarc/subject/50398 700 1 $aCrippa, Maria Antonietta.$0(OLS)http://semarc/name/2705 850 $aSeMil 852 $aSeMil$W1$xVenegono$y1$m5T X 24$j85623$B85623$CSeMilBibl$Z2$F126687 $8I 852 $aSeMil$W1$xVenegono$y1$m3P V 520$j226349$B237025$CSeMilBibl$Z2$F237025 $81 941 1 $a7 961 $aOmaggio: Lattuada mons. Giovanni 961 $aOmaggio mons. Mario Delpini. -- Con dedica autografa del sindaco del Comune di Gerenzano (Ivano Campi) a mons. Mario Delpini (1° maggio 2021) 996 $6245$aLa Chiesetta di San Giacomo in Gerenzano$9(OLS)http://semarc/title/193570 996 $6264$aGerenzano :$b[s.n.]$9(OLS)http://semarc/publisher/46693 LEADER 01220nam a2200289 i 4500 001 000000169839 003 CaOOAMICUS 005 20260401142240.0 008 080303s1998 it u000 u ita u 013 $a147243 020 $a88-372-1671-8 040 $aSeMil$bita 100 1 $aZeller, Dieter.$0(OLS)http://semarc/name/43520 240 14$aDer Brief an die Römer.$0(OLS)http://semarc/title/242861 245 13$aLa lettera ai Romani /$ctradotta e commentata da Dieter Zeller. 260 $aBrescia :$bMorcelliana,$c1998. 300 $a450 p. ;$c23 cm. 490 0 $aIl Nuovo Testamento commentato 650 4$aBibbia. Nuovo Testamento. Lettere di Paolo - Commentari, studi, critica, interpretazioni.$0(OLS)http://semarc/subject/935 830 3$aIl Nuovo Testamento commentato.$0(OLS)http://semarc/title/2670 850 $aSeMil 852 $aSeMil$W1$xVenegono$y1$m2Z IV 14$j270743$B120743$CSeMilBibl$Z2$F132134 $81 961 $aAcquisto: Morcelliana 996 $6020$a88-372-1671-8$9(OLS)http://semarc/number/156755 996 $6245$aLa lettera ai Romani$9(OLS)http://semarc/title/87735 996 $6260$aBrescia :$bMorcelliana$9(OLS)http://semarc/publisher/29629